Rayo vuelve a casa / (Record no. 22939)

000 -CABECERA
fixed length control field 00625nam a22001937i 4500
003 - IDENTIFICADOR DEL NÚMERO DE CONTROL
control field AR-CdUCM
008 - DATOS DE LONGITUD FIJA--INFORMACIÓN GENERAL
fixed length control field 240605b20222022 pe||||| |||| 00| 0 spa d
020 ## - NÚMERO INTERNACIONAL ESTÁNDAR DEL LIBRO
ISBN 978-612-4347-15-3
040 ## - FUENTE DE LA CATALOGACIÓN
Agencia/entidad que catalogó originalmente la obra MUNICIPALIDAD PROVINCIAL DEL CUSCO
Entidad que transcribió la catalogación BIBLIOTECA MUNICIPAL DEL CUSCO
082 ## - NÚMERO DE LA CLASIFICACIÓN DECIMAL DEWEY
No. de Clasificación PI / 803 / H46
Notacion interna H46
100 ## - ENTRADA PRINCIPAL--NOMBRE DE PERSONA
Nombre Personal Herrera Orsi, Iván.
245 ## - MENCIÓN DE TÍTULO
Título Rayo vuelve a casa /
260 ## - PUBLICACIÓN, DISTRIBUCIÓN, ETC.
Lugar de publicación, distribución, etc. Lima :
Nombre de la editorial, distribuidor, etc. Panamericana Editorial,
Fecha de publicación, distribución, etc. 2022
300 ## - DESCRIPCIÓN FÍSICA
Nº de Páginas Extensión 31 páginas. :
Dimensiones 22 cm.
Otros detalles físicos Ilustraciones en color
650 ## - PUNTO DE ACCESO ADICIONAL DE MATERIA--TÉRMINO DE MATERIA
Descriptor Cuento
9 (RLIN) 4671
700 ## - PUNTO DE ACCESO ADICIONAL--NOMBRE DE PERSONA
Nombre Personal Ayuni, Christian. [ilustrador]
9 (RLIN) 50061
942 ## - ELEMENTOS DE PUNTO DE ACCESO ADICIONAL (KOHA)
Fuente de clasificación
Tipo de item Libros-BMC
945 ## - PROCESAMIENTO DE INFORMACIÓN LOCAL (OCLC)
Catalogador pbj
AAAA-MM-DD - Fecha de ingreso o modificacion 2024-06-05
Holdings
Estado de retiro (separado) Fuente de clasificación o esquema de estanterías Estado dañado Ubicación Sala donde se ubica Nombre de la colección Fecha de adquisición o compra Fuente de adquisición Costo, precio normal en soles Signatura topográfica Código de Barras Última vez visto (Koha) Tipo de ítem (Koha)
No     Sala de Infantes Sala de Infantes Book Cart 2024-06-05 Donacion 10.00 PI / 803 / H46 SI00004884 2024-06-05 Libros-BMC
No     Sala de Infantes Sala de Infantes Book Cart 2024-06-05 Donacion 10.00 PI / 803 / H46 / e.2 SI00004885 2024-06-05 Libros-BMC

Powered by Koha